Longman dictionary of language teaching and applied linguistics

Saved in:
Bibliographic Details
Main Author: Richards, Jack C.
Other Authors: Schmidt, Richard W.
Format: Book
Language:English
Published: London : Longman, 2002
Edition:3rd ed.
Subjects:
Tags: Add Tag
No Tags, Be the first to tag this record!

MARC

LEADER 00000nam a2200000 i 4500
001 1/64693
008 041102s eng d
020 |a 0-82-43825-X (pbk.) 
035 |l 10075052 
040 |a GR-MY-UA  |b gre  |e aacr 
041 0 |a eng 
082 0 |a 418.003 
100 1 |a Richards, Jack C. 
245 1 0 |a Longman dictionary of language teaching and applied linguistics /  |c Jack C. Richards and Richard Schmidt ; with Heidi Kendricks and Youngkyu Kim 
250 |a 3rd ed. 
260 |a London :   |b Longman,   |c 2002 
300 |a ix, 595 σ.;  |b εικ.;  |c 22 εκ. 
650 0 0 |a Applied linguistics  |x Dictionaries. 
700 1 |a Schmidt, Richard W. 
852 |a INST  |b CHIOS  |e 20041102  |h 418.003 RIC  |p 005200022712  |q 005200022712  |t REF  |y 23 
901 |a BIBL2-2004-3 
909 |a Χ  |b 115081 
922 |a 2ΕΛΗ  |b 200410  |c ΤΔΕ  |d ΜΙΧΑΛΟΠΟΥΛΟΣ 
950 |a 112-2004-09-16 
970 |a ΣΠΕΝΤΖΑ  |b ΕΛΕΝΗ  |z 2004/11/04